LEADER 00842nam0-22003011i-450- 001 990002895350403321 035 $a000289535 035 $aFED01000289535 035 $a(Aleph)000289535FED01 035 $a000289535 100 $a20000920d1985----km-y0itay50------ba 101 0 $aITA 200 1 $aAnnuario di statistiche demografiche$e1981$fIstituto centrale di statistica 210 $aRoma$cPoligrafico campano$d1985 215 $a524 p.$d25 cm 300 $aVol. 30 300 $aTomo 2 610 0 $aItalia$astatistiche demografiche$a1981 676 $a306.8 700 1$aIstat$0445627 801 0$aIT$bUNINA$gRICA$2UNIMARC 901 $aBK 912 $a990002895350403321 952 $aCDI-SD30b-85-Pos-58$b2135$fMAS 959 $aMAS 996 $aAnnuario di statistiche demografiche$9466662 997 $aUNINA DB $aING01 LEADER 01172nam0 22003131i 450 001 RML0293820 005 20231121125738.0 010 $a0387241078 100 $a20121121d2005 ||||0itac50 ba 101 | $aeng 102 $aus 181 1$6z01$ai $bxxxe 182 1$6z01$an 200 1 $aDynamic asset allocation with forwards and futures$fAbraham Lioui, Patrice Poncet 210 $aNew York [etc.] $cSpringer $dc2005 215 $aXVII, 263 p.$d24 cm. 606 $aFinanza$2FIR$3RMLC065300$9E 606 $aInvestimenti$2FIR$3RMLC128070$9N 676 $a332.64524$9$v22 700 1$aLioui$b, Abraham$3RMLV189702$01445323 701 1$aPoncet$b, Patrice$3RMLV189701$0249808 801 3$aIT$bIT-01$c20121121 850 $aIT-FR0098 899 $aBiblioteca Area Giuridico Economica$bFR0098 912 $aRML0293820 950 0$aBiblioteca Area Giuridico Economica$d 53DIMET 332.645/12$e 53VM 0000634625 VM barcode:BAGE000948. - Inventario:116. - Fondo:Sala consultazioneVM$fA $h20070220$i20121204 977 $a 53 996 $aDynamic asset allocation with forwards and futures$93628533 997 $aUNICAS